|
|
|
|
| LEADER |
00866Cam#a2200265#a#4500 |
| 001 |
022483 |
| 005 |
20250214144315.0 |
| 008 |
110309s2010####ag # ##| |||||e| #d |
| 040 |
|
|
|a AR-BeUNQ
|
| 082 |
0 |
4 |
|a 844
|2 21
|
| 100 |
1 |
|
|a Le Clézio, JMG
|d (1940-)
|q (Jean-Marie Gustave)
|
| 245 |
0 |
3 |
|a El éxtasis material /
|c J.M.G Le Clézio ; traducción de Juana Bignozzi.
|
| 250 |
|
|
|a 1a ed.
|
| 260 |
|
|
|a Buenos Aires :
|b Adriana Hidalgo ,
|c 2010.
|
| 300 |
|
|
|a 336 p. ;
|c 20 cm.
|
| 490 |
1 |
|
|a Narrativas
|
| 650 |
|
7 |
|a Ensayos
|2 ttll
|
| 650 |
|
7 |
|a Literatura francesa
|2 ttll
|
| 650 |
|
7 |
|a Literatura francesa
|2 ttll
|
| 651 |
|
7 |
|a Francia
|2 spines
|
| 700 |
1 |
|
|a Bignozzi, Juana
|e tr
|4 trl
|
| 830 |
|
0 |
|a Narrativa (Adriana Hidalgo).
|
| 929 |
|
|
|a DONACION
|b Proveniente de: Dpto. de Ciencias Sociales
|d 0
|e 20110223
|f PAT0036775
|g P146
|j 45834
|
| 942 |
|
|
|c LIB
|n 0
|
| 999 |
|
|
|c 21547
|d 96934
|